The noble scholar, jurist, historian


 His Excellency Dr. Abdul Wahhab bin Ibrahim Abu Sulaiman, may Allah have mercy on him.


 He was born in Umm Al-Qura in the year 1356 AH.

فهرس كتب القراءات القرآنية في مكتبة المصغرات الفلمية في قسم المخطوطات في عمادة شؤون المكتبات في الجامعة الإسلامية / (Record no. 13399)

MARC details
000 -LEADER
fixed length control field 01391cam a22002531i 4500
003 - CONTROL NUMBER IDENTIFIER
control field SA-RiAUC
005 - DATE AND TIME OF LATEST TRANSACTION
control field 20251120142848.0
008 - FIXED-LENGTH DATA ELEMENTS--GENERAL INFORMATION
fixed length control field 251016s1994 su g bc f001 0 ara c
040 ## - CATALOGING SOURCE
Original cataloging agency JO-MaAHU
Language of cataloging ara
Transcribing agency SA-RiAUC
Description conventions rda
082 04 - DEWEY DECIMAL CLASSIFICATION NUMBER
Classification number 016.228
Assigning agency SA-RiAUC
090 ## - LOCALLY ASSIGNED LC-TYPE CALL NUMBER (OCLC); LOCAL CALL NUMBER (RLIN)
Classification number (OCLC) (R) ; Classification number, CALL (RLIN) (NR) 016.228
Local cutter number (OCLC) ; Book number/undivided call number, CALL (RLIN) ج ا م
110 2# - MAIN ENTRY--CORPORATE NAME
Corporate name or jurisdiction name as entry element الجامعة الإسلامية بالمدينة المنورة.
Subordinate unit عمادة شؤون المكتبات
Relator term مؤلف.
245 10 - TITLE STATEMENT
Title فهرس كتب القراءات القرآنية في مكتبة المصغرات الفلمية في قسم المخطوطات في عمادة شؤون المكتبات في الجامعة الإسلامية /
Statement of responsibility, etc. إعداد عمادة شؤون المكتبات، الجامعة الإسلامية.
264 #1 - PRODUCTION, PUBLICATION, DISTRIBUTION, MANUFACTURE, AND COPYRIGHT NOTICE
Place of production, publication, distribution, manufacture المدينة المنورة :
Name of producer, publisher, distributor, manufacturer الجامعة الإسلامية،
Date of production, publication, distribution, manufacture, or copyright notice 1994
300 ## - PHYSICAL DESCRIPTION
Extent 352 صفحة ؛
Dimensions 32 سم
336 ## - CONTENT TYPE
Content type term نص
Content type code txt
Source rdacontent
Materials specified كتاب
337 ## - MEDIA TYPE
Media type term بدون وسيط
Media type code n
Source rdamedia
338 ## - CARRIER TYPE
Carrier type term مجلد
Carrier type code nc
Source rdacarrier
500 ## - GENERAL NOTE
General note يشتمل على كشاف.
610 27 - SUBJECT ADDED ENTRY--CORPORATE NAME
Corporate name or jurisdiction name as entry element الجامعة الإسلامية بالمدينة المنورة.
Subordinate unit عمادة شؤون المكتبات.
-- مكتبة المصغرات الفيلمية
Form subdivision فهارس
Source of heading or term aucnm
630 27 - SUBJECT ADDED ENTRY--UNIFORM TITLE
Uniform title القرآن
General subdivision قراءات
-- مخطوطات
Form subdivision ببليوجرافيات
Source of heading or term aucut
942 ## - ADDED ENTRY ELEMENTS (KOHA)
Source of classification or shelving scheme Dewey Decimal Classification
Koha item type Books
Suppress in OPAC No
949 ## - LOCAL PROCESSING INFORMATION (OCLC)
a SA-JeALM
d 251016
u mohamedma123
n 1
Holdings
Withdrawn status Lost status Source of classification or shelving scheme Damaged status Not for loan Home library Current library Date acquired Total checkouts Full call number Barcode Date last seen Price effective from Koha item type
    Dewey Decimal Classification     DR AbdElwahab Library DR AbdElwahab Library 11/20/2025   016.228 ج ا م 000021349 11/20/2025 11/20/2025 Books